Case Studies on Marketing Strategy (VOL-II) (Record no. 4794)

MARC details
000 -LEADER
fixed length control field 00406nam a22001577a 4500
005 - DATE AND TIME OF LATEST TRANSACTION
control field 20180820143327.0
008 - FIXED-LENGTH DATA ELEMENTS--GENERAL INFORMATION
fixed length control field 160629b xxu||||| |||| 00| 0 eng d
020 ## - INTERNATIONAL STANDARD BOOK NUMBER
ISBN 81-314-0193-6
041 ## - LANGUAGE CODE
Language code of text/sound track or separate title eng
082 ## - DEWEY DECIMAL CLASSIFICATION NUMBER
Item number 10885
Classification number 658.4012
245 ## - TITLE STATEMENT
Title Case Studies on Marketing Strategy (VOL-II)
260 ## - PUBLICATION, DISTRIBUTION, ETC. (IMPRINT)
Name of publisher ICFAI-UNIVERSITY PRESS
Place of publication HYDERABAD
Year of publication 2006
300 ## - PHYSICAL DESCRIPTION
Number of Pages 319p,
650 ## - SUBJECT ADDED ENTRY--TOPICAL TERM
Topical Term Management
942 ## - ADDED ENTRY ELEMENTS (KOHA)
Koha item type Books
Holdings
Lost status Damaged status Home library Current library Shelving location Date acquired Full call number Accession Number Koha item type
    JRU Library JRU Library SHELF- 67 M 29/06/2016 658.4012 10885 Books